000 00651nam a2200193Ia 4500
003 GCL
008 140319s9999 xx 000 0 ara d
040 _aGCL /
_cGCL
082 0 4 _a811.062
_bن د
100 1 _aنعيم زرزور
245 1 0 _aديوان الامام الشافعى: الامام ابى عبدالله محمد بن إدريس الشافعى /
_cنعيم زرزور
700 1 _aمفيد محمد قميحة
260 _a[S.N] :
_bدار الكتب العلمية للنشر والتوزيع ،
_c1992
300 _a134 ص
490 _a
650 0 4 _aالشعر
650 0 4 _aالامام الشافعى
942 _2ddc
_cBK
999 _c54644
_d54644